| 000 | 00541nam a2200181 a 4500 | ||
|---|---|---|---|
| 003 | BD-DhJNU | ||
| 005 | 20250302033055.0 | ||
| 008 | 130128t2007 bg gr 000 0 eng d | ||
| 020 | _a9847010300000 | ||
| 040 |
_aBD-DhJNU _bENG _cBD-DhJNU _dBD-DhJNU |
||
| 082 | 0 | 0 |
_a174.2 KAM _223 |
| 100 | 1 | _aKasule, Omar Hasan | |
| 245 | 1 | 0 |
_aMedical education : _ban Islamic perspective / _cOmar Hasan Kasule |
| 260 |
_aDhaka : _bBangladesh Institute of Islamic Thought, _c2007. |
||
| 300 |
_a371 p. ; _c22 cm. |
||
| 650 | 0 | _aMedical education | |
| 942 | _cBK | ||
| 999 |
_c1418 _d1418 |
||